| 000 | 00766nam a22002297a 4500 | ||
|---|---|---|---|
| 005 | 20110816122752.0 | ||
| 008 | 110816t xxu||||| |||| 00| 0 eng d | ||
| 010 | _aENG-103506 | ||
| 020 |
_c150.00 _a9788183682855 |
||
| 035 | _aEN-87039 | ||
| 037 | _bDBAD/PUB | ||
| 040 |
_aDPL _bEng |
||
| 082 | _aN | ||
| 100 |
_932849 _aJayakanthan, D. |
||
| 245 |
_aLove and loss / _cby D. Jayakanthan ; transalated from Tamil by K S Subramanian |
||
| 260 |
_aChennai _bIndian Writing _c2007 |
||
| 270 |
_a33/15,Eldams Road, _bChennai _e600018 |
||
| 300 |
_a159p. _c22cm (pbk) |
||
| 700 |
_aSubramanian, K S _932949 |
||
| 942 |
_2ddc _cEN _mJAY _hN |
||
| 999 |
_c55510 _d55510 |
||